000 00419nam a2200133 i 4500
001 bg
245 0 _aMatematyka dla wydziałów budowlanych i mechanicznych.
_nT.1 /
_cpod red.E. Otto.
260 _aWarszawa,
_c1973.
040 _cBPK
041 _apol
942 _cKS
008 s pl f |000 0 pol
856 _uhttp://koha.tu.koszalin.pl/cgi-bin/koha/opac-detail.pl?biblionumber=1987
_yKatalog online BPK
999 _c1987
_d1987